000
00201 a2200097 4500
001
3950
100
_a
Lass, H
245
_a
Vector & tensor analysis
260
_a
_b
Mcgrawhill
_c
090
_c
3180
_d
3180
942
_a
NUST-CAE
_c
M
_c
24225
999
_c
239023
_d
239023